| 000 | 02101pam a22004817a 4500 | ||
|---|---|---|---|
| 001 | 17667057 | ||
| 003 | OSt | ||
| 005 | 20260429112913.0 | ||
| 008 | 130320s2012 qeaac b s000 0 eng | ||
| 010 | _a 2013376261 | ||
| 020 |
_a9781921503375 _qpbk. |
||
| 035 | _a17667057 | ||
| 037 | _bPO Box 3686 South Brisbane QLD 4101 | ||
| 040 | _cFoundation University | ||
| 042 | _alccopycat | ||
| 043 |
_au------ _aa------ |
||
| 050 | 0 | 0 |
_aN 5085 _b.A85 2012 |
| 111 | 2 |
_aAsia-Pacific Triennial of Contemporary Art _n(7th : _d2012 : _cBrisbane, Qld.) _915777 |
|
| 245 | 1 | 4 |
_aThe 7th Asia Pacific Triennial of Contemporary Art (APT7) / _cQueensland Art Gallery, Gallery of Modern Art. |
| 246 | 3 | _aSeventh Asia Pacific Triennial of Contemporary Art (APT7) | |
| 246 | 3 | 3 | _aAPT7 |
| 260 |
_aSouth Brisbane, Qld. : _bQueensland Art Gallery, _c©2012. |
||
| 264 | _42012 | ||
| 300 |
_a320 p. : _bcol. ill., ports. ; _c31 cm. _3books _fbooks |
||
| 336 |
_atext _btxt _2rdacontent _3books |
||
| 337 |
_aunmediated _bn _2rdamedia _3books |
||
| 338 |
_avolume _bnc _2rdacarrier _3books |
||
| 500 | _a"20 years of APT 1993-2013". | ||
| 504 | _aIncludes bibliographical references. | ||
| 585 | _aPublished for an exhibition of the same name organised by the Queensland Art Gallery, Gallery of Modern Art (QAGOMA) and held at QAGOMA, Brisbane, 8 December 2012-14 April 2013. | ||
| 610 | 2 | 0 |
_aQueensland Art Gallery _vExhibitions. _912686 |
| 650 | 0 |
_aArt, Asian _vExhibitions. _912687 |
|
| 650 | 0 |
_aArt, Australasian _vExhibitions. _912688 |
|
| 650 | 0 |
_aArt, Modern _y21st century _vExhibitions. _912689 |
|
| 650 | 0 |
_aArtists _vInterviews. _912690 |
|
| 653 | _aAustralian | ||
| 655 | 7 |
_aExhibition catalogs. _2lcgft _0https://id.loc.gov/authorities/genreForms/gf2014026098 _912632 |
|
| 710 | 2 |
_aQueensland Art Gallery. _bGallery of Modern Art. _915778 |
|
| 906 |
_a7 _bcbc _ccopycat _d3 _encip _f20 _gy-gencatlg |
||
| 942 |
_2lcc _cBK _hN 5085 _i.2012 A85 _k(DAFA-FA) |
||
| 999 |
_c5841 _d5841 |
||